000 01002nam a2200301 i 4500
003 EG-GICUC
005 20260408122954.0
008 260408s1962 fr ||||fr|||| 00| 0 fre d
040 _aEG-GiCUC
_bfre
_cEG-GiCUC
_dEG-GiCUC
_eRda
082 0 4 _221
_a341.64
_bDU . N
092 0 4 _221
099 _aLaw1 11 341.64 DU . N 1962
100 1 _aDutoit, Bernard
_eAuteur
245 1 3 _aLa Neutralité Suisse a L'heure Européenne /
_cBernard Dutoit ; Charles Rousseau.
264 1 _aParis :
_bLibrairie Générale De Droit Et De Jurisprudence,
_c1962.
300 _a138 page :
_billustration ;
_c 24 cm.
336 _2rda contenu
_a texte
337 _2rda medias
_aOrdinateur
338 _2 transporteur rda
_a Ressource en ligne
504 _a
546 _aTexte en français
650 1 4 _aDroit international public
_2
651 1 _2
700 1 _aRousseau, Charles
_ePréfacier
856 4 0 _uhttps://fll.law.cu.edu.eg/fulltext/bks/B11-08398.pdf
905 _a50
942 _2ddc
_cBK
_e21
_n0
999 _c69690
_d69690